000 00361 a2200157 4500
001 152775
040 _cEscola São Tomás de Aquino
100 _aBRAZ, Júlio Emílio
240 1 0 _aA voz de quem te ama
_lpor
245 1 0 _aA voz de quem te ama
300 _a31
362 0 _a2006
440 1 _aFTD
697 _a*LITERATURA INFANTO JUVENIL
942 _cBK
999 _c152775
_d152775